| 000 | 00859cam a22002777i 4500 | ||
|---|---|---|---|
| 001 | 000006530 | ||
| 005 | 20200929153939.0 | ||
| 008 | 800808s1941 sp 000 0 spa | ||
| 010 | _a80129331 | ||
| 040 |
_aDO-SdBNP _cspa _dBNPHU |
||
| 082 |
_a861.3 _bM285c, 1941 |
||
| 100 | 1 |
_aManrique, Jorge, _d1440?-1479. _915051 |
|
| 240 | 1 | 0 |
_aWorks. _f1972 |
| 245 | 1 | 0 |
_aCancionero / _cJorge Manrique ; edición y glosario Augusto Cortina. |
| 250 | _a2a ed. | ||
| 260 |
_aMadrid : _bEspasa-Calpe, _c1941. |
||
| 300 |
_a159 p. ; _c18 cm. |
||
| 440 | 0 |
_aClásicos Castellanos _v94 _94180 |
|
| 500 | _aIncluye notas al pie de las páginas. | ||
| 650 | 4 |
_aPoesía española _9631 |
|
| 650 | 4 |
_aLiteratura española _9632 |
|
| 700 | 1 |
_aCortina, Augusto _ced. _918129 |
|
| 830 | 0 |
_aClásicos Castellanos _v94 _94180 |
|
| 910 | _aCatalogación original | ||
| 049 | _aBNGR | ||
| 999 |
_c6321 _d6321 |
||